000 00932nac a22002417a 4500
001 BR7704053
003 BR-BrBNA
005 20240105114121.0
008 230509b bl.|||m| |||| 00| 0 por d
040 _aBR-BrBNA
_bpor
_cBiblioteca Nacional de Agricultura
072 _aL70; L00
090 _aL70 BR7704053
110 1 _aUniversidade de Sao Paulo, Sao Paulo (Brasil). Faculdade de Medicina Veterinaria e Zootecnia;
110 1 _aEmpresa Brasileira de Pesquisa Agropecuaria, Brasilia, DF. Depto. de Informacao e Documentacao
_93872
245 1 _aBibliografia brasileira de medicina veterinaria e zootecnia 1970-1975
260 3 _aSao Paulo, SP (Brasil):
_c1977.
300 _a129 p.
490 _aBibliografia Brasileira de Medicina Veterinaria e Zootecnia (Brazil)
_vv. 1(3)
_xISSN 0100-610X
650 _aZootecnia
650 _aBibliografia
909 _a202312
_bLúcia Elande
_c55
_dLúcia Elande
942 _2AGRIS
_n0
_cMS
999 _c267473
_d267473